[Event "April 9 Early 2024"]
[Site "Chess.com"]
[Date "2024.04.09"]
[Round "5"]
[White "Lewtak, Damian"]
[Black "Codrut-Constantin Florescu"]
[Result "0-1"]
[Board "107"]
[WhiteFideId "1141724"]
[BlackFideId "1202200"]
[WhiteTitle "IM"]
[BlackTitle "IM"]
[WhiteElo "2745"]
[BlackElo "2537"]
[WhiteTeam "POL"]
[BlackTeam "ROU"]
[WhiteClock "0:01:17"]
[BlackClock "0:01:26"]
[Variant "Standard"]

1. e4 {[%clk 0:03:00]}  c5 {[%clk 0:02:53]} 2. Nf3 {[%clk 0:03:01]}  e6 {[%clk 0:02:53]} 3. d3 {[%clk 0:03:01]}  d5 {[%clk 0:02:51]} 4. Nbd2 {[%clk 0:03:01]}  Nf6 {[%clk 0:02:51]} 5. g3 {[%clk 0:03:02]}  Be7 {[%clk 0:02:51]} 6. Bg2 {[%clk 0:03:01]}  O-O {[%clk 0:02:52]} 7. O-O {[%clk 0:03:01]}  Nc6 {[%clk 0:02:52]} 8. Re1 {[%clk 0:03:01]}  Rb8 {[%clk 0:02:52]} 9. e5 {[%clk 0:03:00]}  Ne8 {[%clk 0:02:51]} 10. Nf1 {[%clk 0:03:01]}  Nc7 {[%clk 0:02:51]} 11. h4 {[%clk 0:03:01]}  b5 {[%clk 0:02:52]} 12. N1h2 {[%clk 0:03:00]}  b4 {[%clk 0:02:52]} 13. h5 {[%clk 0:03:01]}  h6 {[%clk 0:02:52]} 14. Bf4 {[%clk 0:02:58]}  Nb5 {[%clk 0:02:51]} 15. Qd2 {[%clk 0:02:58]}  Nbd4 {[%clk 0:02:51]} 16. c3 {[%clk 0:02:54]}  bxc3 {[%clk 0:02:50]} 17. bxc3 {[%clk 0:02:55]}  Nf5 {[%clk 0:02:50]} 18. g4 {[%clk 0:02:48]}  Nh4 {[%clk 0:02:49]} 19. Nxh4 {[%clk 0:02:49]}  Bxh4 {[%clk 0:02:49]} 20. Nf3 {[%clk 0:02:49]}  Be7 {[%clk 0:02:48]} 21. Kh2 {[%clk 0:02:50]}  Rb6 {[%clk 0:02:42]} 22. Rg1 {[%clk 0:02:43]}  f6 {[%clk 0:02:29]} 23. Rae1 {[%clk 0:02:35]}  fxe5 {[%clk 0:02:25]} 24. Nxe5 {[%clk 0:02:36]}  Bd6 {[%clk 0:02:16]} 25. Ng6 {[%clk 0:02:08]}  Rxf4 {[%clk 0:02:01]} 26. Nxf4 {[%clk 0:02:09]}  Qh4+ {[%clk 0:02:00]} 27. Bh3 {[%clk 0:02:07]}  Ne5 {[%clk 0:01:55]} 28. Rg3 {[%clk 0:02:00]}  c4 {[%clk 0:01:46]} 29. Kg2 {[%clk 0:01:48]}  cxd3 {[%clk 0:01:41]} 30. Nxd3 {[%clk 0:01:45]}  Nc4 {[%clk 0:01:38]} 31. Qe2 {[%clk 0:01:37]}  Bxg3 {[%clk 0:01:36]} 32. fxg3 {[%clk 0:01:38]}  Qf6 {[%clk 0:01:34]} 33. Qc2 {[%clk 0:01:25]}  e5 {[%clk 0:01:27]} 34. Rf1 {[%clk 0:01:17]}  Ne3+ {[%clk 0:01:26]} 0-1

[Event "April 9 Early 2024"]
[Site "Chess.com"]
[Date "2024.04.09"]
[Round "5"]
[White "Lin, Dachey"]
[Black "Balla, Tamas-Kristof"]
[Result "1/2-1/2"]
[Board "108"]
[WhiteFideId "2029650"]
[BlackFideId "1208497"]
[WhiteTitle "FM"]
[BlackTitle "IM"]
[WhiteElo "2737"]
[BlackElo "2535"]
[WhiteTeam "USA"]
[BlackTeam "ROU"]
[WhiteClock "0:00:03"]
[BlackClock "0:00:02"]
[Variant "Standard"]

1. g4 {[%clk 0:02:56]}  d5 {[%clk 0:02:58]} 2. Bg2 {[%clk 0:02:56]}  Bxg4 {[%clk 0:02:55]} 3. c4 {[%clk 0:02:56]}  c6 {[%clk 0:02:52]} 4. Qb3 {[%clk 0:02:56]}  Nf6 {[%clk 0:02:32]} 5. d4 {[%clk 0:02:40]}  Nbd7 {[%clk 0:02:15]} 6. Qxb7 {[%clk 0:02:40]}  e6 {[%clk 0:02:06]} 7. c5 {[%clk 0:02:40]}  e5 {[%clk 0:01:56]} 8. e3 {[%clk 0:02:38]}  exd4 {[%clk 0:01:53]} 9. exd4 {[%clk 0:02:39]}  Be7 {[%clk 0:01:53]} 10. Qxc6 {[%clk 0:02:38]}  O-O {[%clk 0:01:53]} 11. Be3 {[%clk 0:02:38]}  Rb8 {[%clk 0:01:49]} 12. b3 {[%clk 0:02:21]}  Bf5 {[%clk 0:01:27]} 13. Nc3 {[%clk 0:02:18]}  Qa5 {[%clk 0:01:22]} 14. Ne2 {[%clk 0:02:17]}  Rxb3 {[%clk 0:01:18]} 15. O-O {[%clk 0:02:12]}  Rxc3 {[%clk 0:01:17]} 16. Nxc3 {[%clk 0:01:46]}  Qxc3 {[%clk 0:01:17]} 17. Rfc1 {[%clk 0:01:39]}  Qd3 {[%clk 0:01:11]} 18. Rd1 {[%clk 0:01:35]}  Qa3 {[%clk 0:01:03]} 19. Qc7 {[%clk 0:01:27]}  Bd8 {[%clk 0:00:53]} 20. Qd6 {[%clk 0:01:26]}  Re8 {[%clk 0:00:47]} 21. Rac1 {[%clk 0:01:25]}  Be7 {[%clk 0:00:29]} 22. Qc7 {[%clk 0:01:20]}  Bd8 {[%clk 0:00:27]} 23. Qf4 {[%clk 0:01:20]}  Be4 {[%clk 0:00:21]} 24. c6 {[%clk 0:01:20]}  Nb6 {[%clk 0:00:18]} 25. c7 {[%clk 0:01:20]}  Be7 {[%clk 0:00:18]} 26. Bh3 {[%clk 0:01:14]}  Bd6 {[%clk 0:00:17]} 27. Qh4 {[%clk 0:01:10]}  Nc8 {[%clk 0:00:15]} 28. Re1 {[%clk 0:01:00]}  Qxa2 {[%clk 0:00:15]} 29. Bf4 {[%clk 0:00:45]}  Qa6 {[%clk 0:00:09]} 30. f3 {[%clk 0:00:36]}  Bxf3 {[%clk 0:00:06]} 31. Rxe8+ {[%clk 0:00:35]}  Nxe8 {[%clk 0:00:07]} 32. Qd8 {[%clk 0:00:34]}  Qe2 {[%clk 0:00:06]} 33. Bf1 {[%clk 0:00:23]}  Qe4 {[%clk 0:00:04]} 34. Bg3 {[%clk 0:00:01]}  Qxd4+ {[%clk 0:00:04]} 35. Bf2 {[%clk 0:00:01]}  Qf4 {[%clk 0:00:05]} 36. Bg3 {[%clk 0:00:01]}  Qe3+ {[%clk 0:00:05]} 37. Bf2 {[%clk 0:00:02]}  Qxc1 {[%clk 0:00:05]} 38. Qxe8+ {[%clk 0:00:01]}  Bf8 {[%clk 0:00:05]} 39. Qxc8 {[%clk 0:00:02]}  Qg5+ {[%clk 0:00:06]} 40. Bg3 {[%clk 0:00:01]}  Qe3+ {[%clk 0:00:06]} 41. Bf2 {[%clk 0:00:02]}  Qg5+ {[%clk 0:00:05]} 42. Bg3 {[%clk 0:00:03]}  Qe3+ {[%clk 0:00:03]} 43. Bf2 {[%clk 0:00:03]}  Qg5+ {[%clk 0:00:02]} 1/2-1/2

[Event "April 9 Early 2024"]
[Site "Chess.com"]
[Date "2024.04.09"]
[Round "5"]
[White "Tarhan, Adar"]
[Black "Ezat, Mohamed"]
[Result "0-1"]
[Board "109"]
[WhiteFideId "34544712"]
[BlackFideId "10600906"]
[WhiteTitle "IM"]
[BlackTitle "IM"]
[WhiteElo "2725"]
[BlackElo "2530"]
[WhiteTeam "TUR"]
[BlackTeam "EGY"]
[WhiteClock "0:00:03"]
[BlackClock "0:00:03"]
[Variant "Standard"]

1. e4 {[%clk 0:02:57]}  c6 {[%clk 0:02:19]} 2. d4 {[%clk 0:02:40]}  d5 {[%clk 0:02:20]} 3. Nc3 {[%clk 0:02:40]}  b5 {[%clk 0:02:18]} 4. a3 {[%clk 0:02:28]}  a6 {[%clk 0:02:17]} 5. Nf3 {[%clk 0:02:26]}  Bg4 {[%clk 0:02:16]} 6. h3 {[%clk 0:02:23]}  Bxf3 {[%clk 0:02:15]} 7. Qxf3 {[%clk 0:02:24]}  e6 {[%clk 0:02:15]} 8. Bd3 {[%clk 0:02:18]}  Nf6 {[%clk 0:02:15]} 9. Bg5 {[%clk 0:02:16]}  Be7 {[%clk 0:02:14]} 10. O-O-O {[%clk 0:02:15]}  Nbd7 {[%clk 0:01:57]} 11. e5 {[%clk 0:02:05]}  Ng8 {[%clk 0:01:57]} 12. Bxe7 {[%clk 0:02:05]}  Nxe7 {[%clk 0:01:57]} 13. g4 {[%clk 0:02:00]}  c5 {[%clk 0:01:56]} 14. h4 {[%clk 0:01:58]}  b4 {[%clk 0:01:55]} 15. axb4 {[%clk 0:01:57]}  c4 {[%clk 0:01:46]} 16. Be2 {[%clk 0:01:55]}  Qb6 {[%clk 0:01:44]} 17. Na2 {[%clk 0:01:53]}  a5 {[%clk 0:01:43]} 18. Qa3 {[%clk 0:01:38]}  Nc6 {[%clk 0:01:42]} 19. c3 {[%clk 0:01:32]}  O-O {[%clk 0:01:39]} 20. b5 {[%clk 0:01:30]}  Qxb5 {[%clk 0:01:38]} 21. h5 {[%clk 0:01:28]}  Rfb8 {[%clk 0:01:35]} 22. Rd2 {[%clk 0:01:27]}  Nb4 {[%clk 0:01:28]} 23. f4 {[%clk 0:01:16]}  Nb6 {[%clk 0:00:50]} 24. g5 {[%clk 0:00:52]}  Nd3+ {[%clk 0:00:49]} 25. Kb1 {[%clk 0:00:47]}  Rb7 {[%clk 0:00:35]} 26. h6 {[%clk 0:00:46]}  g6 {[%clk 0:00:35]} 27. Ka1 {[%clk 0:00:38]}  Rab8 {[%clk 0:00:33]} 28. Rf1 {[%clk 0:00:36]}  Na4 {[%clk 0:00:29]} 29. Bxd3 {[%clk 0:00:24]}  cxd3 {[%clk 0:00:29]} 30. f5 {[%clk 0:00:19]}  Nxb2 {[%clk 0:00:17]} 31. fxe6 {[%clk 0:00:14]}  fxe6 {[%clk 0:00:15]} 32. Rdf2 {[%clk 0:00:12]}  Qe8 {[%clk 0:00:08]} 33. Qd6 {[%clk 0:00:06]}  Nc4 {[%clk 0:00:06]} 34. Rf8+ {[%clk 0:00:02]}  Qxf8 {[%clk 0:00:07]} 35. Rxf8+ {[%clk 0:00:03]}  Rxf8 {[%clk 0:00:07]} 36. Qxe6+ {[%clk 0:00:04]}  Kh8 {[%clk 0:00:07]} 37. Nb4 {[%clk 0:00:01]}  axb4 {[%clk 0:00:06]} 38. Qxd5 {[%clk 0:00:02]}  Ra7+ {[%clk 0:00:03]} 39. Kb1 {[%clk 0:00:03]}  Rf1# {[%clk 0:00:03]} 0-1

[Event "April 9 Early 2024"]
[Site "Chess.com"]
[Date "2024.04.09"]
[Round "5"]
[White "Diaz Herquinio, Brahian"]
[Black "Tigran Mukhutdinov"]
[Result "0-1"]
[Board "113"]
[WhiteFideId "3809480"]
[BlackFideId "34108570"]
[WhiteTitle "CM"]
[BlackTitle "FM"]
[WhiteElo "2520"]
[BlackElo "2696"]
[WhiteTeam "PER"]
[BlackTeam "RUS"]
[WhiteClock "0:00:00"]
[BlackClock "0:01:50"]
[Variant "Standard"]

1. e4 {[%clk 0:01:49]}  c5 {[%clk 0:02:58]} 2. Nf3 {[%clk 0:01:46]}  Nc6 {[%clk 0:02:59]} 3. d4 {[%clk 0:01:46]}  cxd4 {[%clk 0:02:59]} 4. Nxd4 {[%clk 0:01:46]}  e5 {[%clk 0:03:00]} 5. Nb5 {[%clk 0:01:46]}  d6 {[%clk 0:03:00]} 6. N1c3 {[%clk 0:01:42]}  a6 {[%clk 0:03:00]} 7. Na3 {[%clk 0:01:41]}  b5 {[%clk 0:03:01]} 8. Nd5 {[%clk 0:01:40]}  Nce7 {[%clk 0:03:02]} 9. Be3 {[%clk 0:01:21]}  Nxd5 {[%clk 0:03:01]} 10. Qxd5 {[%clk 0:01:19]}  Rb8 {[%clk 0:03:02]} 11. c4 {[%clk 0:01:10]}  f5 {[%clk 0:03:00]} 12. cxb5 {[%clk 0:01:04]}  Nf6 {[%clk 0:02:55]} 13. Qb3 {[%clk 0:00:58]}  Nxe4 {[%clk 0:02:50]} 14. Be2 {[%clk 0:00:39]}  Qa5+ {[%clk 0:02:42]} 15. Kf1 {[%clk 0:00:36]}  Be7 {[%clk 0:02:25]} 16. Rc1 {[%clk 0:00:30]}  Bd7 {[%clk 0:02:14]} 17. b6 {[%clk 0:00:20]}  Nd2+ {[%clk 0:02:10]} 18. Bxd2 {[%clk 0:00:17]}  Qxd2 {[%clk 0:02:11]} 19. Rd1 {[%clk 0:00:16]}  Qa5 {[%clk 0:02:11]} 20. Nc4 {[%clk 0:00:16]}  Qc5 {[%clk 0:02:10]} 21. h4 {[%clk 0:00:09]}  Be6 {[%clk 0:01:51]} 22. Nxd6+ {[%clk 0:00:04]}  Qxd6 {[%clk 0:01:51]} 23. Qa4+ {[%clk 0:00:02]}  Bd7 {[%clk 0:01:52]} 24. Qxa6 {[%clk 0:00:00]}  Qxb6 {[%clk 0:01:50]} 0-1

[Event "April 9 Early 2024"]
[Site "Chess.com"]
[Date "2024.04.09"]
[Round "5"]
[White "Karwowski, Kacper"]
[Black "Kuziev, Miraziz"]
[Result "0-1"]
[Board "114"]
[WhiteFideId "1126032"]
[BlackFideId "14215772"]
[WhiteTitle "CM"]
[BlackTitle "CM"]
[WhiteElo "2520"]
[BlackElo "2693"]
[WhiteTeam "POL"]
[BlackTeam "UZB"]
[WhiteClock "0:00:00"]
[BlackClock "0:01:32"]
[Variant "Standard"]

1. e4 {[%clk 0:03:00]}  e5 {[%clk 0:02:59]} 2. Nf3 {[%clk 0:02:58]}  Nc6 {[%clk 0:03:00]} 3. Bc4 {[%clk 0:02:51]}  Bc5 {[%clk 0:03:00]} 4. c3 {[%clk 0:02:49]}  Nf6 {[%clk 0:02:58]} 5. d4 {[%clk 0:02:49]}  exd4 {[%clk 0:02:58]} 6. cxd4 {[%clk 0:02:49]}  Bb4+ {[%clk 0:02:58]} 7. Bd2 {[%clk 0:02:42]}  d5 {[%clk 0:02:48]} 8. exd5 {[%clk 0:02:38]}  Nxd5 {[%clk 0:02:49]} 9. O-O {[%clk 0:02:33]}  O-O {[%clk 0:02:47]} 10. Bxd5 {[%clk 0:02:11]}  Qxd5 {[%clk 0:02:47]} 11. Bxb4 {[%clk 0:02:11]}  Nxb4 {[%clk 0:02:46]} 12. Nc3 {[%clk 0:02:12]}  Qd6 {[%clk 0:02:33]} 13. h3 {[%clk 0:02:10]}  Bf5 {[%clk 0:02:26]} 14. Qd2 {[%clk 0:01:05]}  Nc6 {[%clk 0:02:17]} 15. d5 {[%clk 0:00:54]}  Ne7 {[%clk 0:02:15]} 16. Nd4 {[%clk 0:00:51]}  Bg6 {[%clk 0:01:54]} 17. Rac1 {[%clk 0:00:50]}  Rad8 {[%clk 0:01:50]} 18. Ndb5 {[%clk 0:00:45]}  Qd7 {[%clk 0:01:48]} 19. Qf4 {[%clk 0:00:45]}  Bd3 {[%clk 0:01:45]} 20. Rfe1 {[%clk 0:00:38]}  Bxb5 {[%clk 0:01:46]} 21. Nxb5 {[%clk 0:00:38]}  Nxd5 {[%clk 0:01:46]} 22. Qc4 {[%clk 0:00:32]}  c6 {[%clk 0:01:46]} 23. Nxa7 {[%clk 0:00:20]}  Ra8 {[%clk 0:01:45]} 24. Qd4 {[%clk 0:00:20]}  Rfd8 {[%clk 0:01:43]} 25. Red1 {[%clk 0:00:19]}  Qe7 {[%clk 0:01:41]} 26. Qa4 {[%clk 0:00:03]}  b5 {[%clk 0:01:35]} 27. Nxc6 {[%clk 0:00:03]}  bxa4 {[%clk 0:01:35]} 28. Rxd5 {[%clk 0:00:01]}  Qf6 {[%clk 0:01:34]} 29. Nxd8 {[%clk 0:00:01]}  Rxd8 {[%clk 0:01:35]} 30. Rcc5 {[%clk 0:00:01]}  Rxd5 {[%clk 0:01:33]} 31. Rxd5 {[%clk 0:00:02]}  g6 {[%clk 0:01:34]} 32. Rd2 {[%clk 0:00:01]}  Qf4 {[%clk 0:01:32]} 33. Re2 {[%clk 0:00:00]}  Qc4 {[%clk 0:01:32]} 0-1

[Event "April 9 Early 2024"]
[Site "Chess.com"]
[Date "2024.04.10"]
[Round "5"]
[White "Stojanova, Ganeta"]
[Black "Reyes Zavaleta, Fabian Ricardo"]
[Result "0-1"]
[Board "117"]
[WhiteFideId "2902184"]
[BlackFideId "3844153"]
[BlackTitle "FM"]
[WhiteElo "2514"]
[BlackElo "2671"]
[WhiteTeam "BUL"]
[BlackTeam "PER"]
[WhiteClock "0:00:00"]
[BlackClock "0:00:11"]
[Variant "Standard"]

1. d4 {[%clk 0:03:00]}  Nf6 {[%clk 0:02:59]} 2. Nf3 {[%clk 0:02:46]}  g6 {[%clk 0:02:57]} 3. c4 {[%clk 0:02:43]}  Bg7 {[%clk 0:02:58]} 4. g3 {[%clk 0:02:43]}  c6 {[%clk 0:02:57]} 5. Bg2 {[%clk 0:02:43]}  d5 {[%clk 0:02:57]} 6. cxd5 {[%clk 0:02:41]}  cxd5 {[%clk 0:02:58]} 7. O-O {[%clk 0:02:40]}  O-O {[%clk 0:02:58]} 8. Nc3 {[%clk 0:02:34]}  Nc6 {[%clk 0:02:58]} 9. Ne5 {[%clk 0:02:26]}  Bf5 {[%clk 0:02:57]} 10. Nxc6 {[%clk 0:02:22]}  bxc6 {[%clk 0:02:58]} 11. Bf4 {[%clk 0:02:19]}  Nd7 {[%clk 0:02:55]} 12. Na4 {[%clk 0:02:17]}  Re8 {[%clk 0:02:42]} 13. Rc1 {[%clk 0:02:17]}  Rc8 {[%clk 0:02:40]} 14. Qd2 {[%clk 0:02:07]}  e5 {[%clk 0:02:32]} 15. dxe5 {[%clk 0:01:58]}  Nxe5 {[%clk 0:02:32]} 16. b3 {[%clk 0:01:55]}  Nd7 {[%clk 0:02:10]} 17. Rfd1 {[%clk 0:01:47]}  Nb6 {[%clk 0:02:07]} 18. Nc5 {[%clk 0:01:36]}  Qe7 {[%clk 0:02:06]} 19. Bf3 {[%clk 0:01:25]}  Nd7 {[%clk 0:01:38]} 20. Na4 {[%clk 0:01:18]}  Be4 {[%clk 0:01:30]} 21. Bxe4 {[%clk 0:00:47]}  Qxe4 {[%clk 0:01:29]} 22. Be3 {[%clk 0:00:35]}  Qe6 {[%clk 0:01:07]} 23. Rc2 {[%clk 0:00:33]}  Ne5 {[%clk 0:00:59]} 24. Bxa7 {[%clk 0:00:30]}  Qh3 {[%clk 0:00:54]} 25. f3 {[%clk 0:00:27]}  h5 {[%clk 0:00:50]} 26. Bf2 {[%clk 0:00:23]}  h4 {[%clk 0:00:37]} 27. gxh4 {[%clk 0:00:23]}  Qf5 {[%clk 0:00:34]} 28. Nc5 {[%clk 0:00:18]}  Kh7 {[%clk 0:00:29]} 29. b4 {[%clk 0:00:14]}  Bh6 {[%clk 0:00:29]} 30. Qc3 {[%clk 0:00:14]}  Qh3 {[%clk 0:00:23]} 31. Bg3 {[%clk 0:00:14]}  Bg7 {[%clk 0:00:16]} 32. Qd2 {[%clk 0:00:11]}  Nc4 {[%clk 0:00:16]} 33. Qf4 {[%clk 0:00:11]}  Re7 {[%clk 0:00:13]} 34. Qg5 {[%clk 0:00:09]}  f6 {[%clk 0:00:11]} 35. Qg4 {[%clk 0:00:09]}  Qxg4 {[%clk 0:00:11]} 36. fxg4 {[%clk 0:00:10]}  Ne3 {[%clk 0:00:12]} 37. Rdc1 {[%clk 0:00:10]}  Nxc2 {[%clk 0:00:11]} 38. Rxc2 {[%clk 0:00:11]}  f5 {[%clk 0:00:12]} 39. gxf5 {[%clk 0:00:11]}  gxf5 {[%clk 0:00:13]} 40. Kf2 {[%clk 0:00:11]}  Rce8 {[%clk 0:00:12]} 41. Kf3 {[%clk 0:00:11]}  Re3+ {[%clk 0:00:11]} 42. Kf2 {[%clk 0:00:12]}  Bd4 {[%clk 0:00:11]} 43. Kf1 {[%clk 0:00:12]}  Rc3 {[%clk 0:00:10]} 44. Rd2 {[%clk 0:00:11]}  Bxc5 {[%clk 0:00:10]} 45. bxc5 {[%clk 0:00:11]}  Rxc5 {[%clk 0:00:11]} 46. Bf2 {[%clk 0:00:11]}  Rc4 {[%clk 0:00:10]} 47. Rb2 {[%clk 0:00:09]}  Re7 {[%clk 0:00:10]} 48. Rb8 {[%clk 0:00:09]}  Rf7 {[%clk 0:00:09]} 49. Rb2 {[%clk 0:00:08]}  c5 {[%clk 0:00:09]} 50. Rd2 {[%clk 0:00:08]}  d4 {[%clk 0:00:09]} 51. Rb2 {[%clk 0:00:08]}  Rd7 {[%clk 0:00:09]} 52. Rb6 {[%clk 0:00:08]}  Rc2 {[%clk 0:00:08]} 53. a4 {[%clk 0:00:07]}  c4 {[%clk 0:00:09]} 54. a5 {[%clk 0:00:06]}  d3 {[%clk 0:00:09]} 55. exd3 {[%clk 0:00:07]}  cxd3 {[%clk 0:00:10]} 56. a6 {[%clk 0:00:05]}  d2 {[%clk 0:00:10]} 57. Rb7 {[%clk 0:00:05]}  d1=Q+ {[%clk 0:00:10]} 58. Kg2 {[%clk 0:00:05]}  Rxb7 {[%clk 0:00:10]} 59. axb7 {[%clk 0:00:00]}  Qb1 {[%clk 0:00:11]} 0-1

[Event "April 9 Early 2024"]
[Site "Chess.com"]
[Date "2024.04.10"]
[Round "5"]
[White "Gelman, Alexander"]
[Black "Silvederio, John Michael Britanico"]
[Result "0-1"]
[Board "119"]
[WhiteFideId "4118316"]
[BlackFideId "5248302"]
[WhiteTitle "IM"]
[WhiteElo "2660"]
[BlackElo "2513"]
[WhiteTeam "RUS"]
[BlackTeam "PHI"]
[WhiteClock "0:00:00"]
[BlackClock "0:00:12"]
[Variant "Standard"]

1. d4 {[%clk 0:03:00]}  Nf6 {[%clk 0:02:59]} 2. Nc3 {[%clk 0:03:00]}  d5 {[%clk 0:02:59]} 3. Bf4 {[%clk 0:03:00]}  c5 {[%clk 0:02:58]} 4. e3 {[%clk 0:03:01]}  cxd4 {[%clk 0:02:59]} 5. exd4 {[%clk 0:03:01]}  a6 {[%clk 0:03:00]} 6. Nf3 {[%clk 0:03:01]}  Nc6 {[%clk 0:03:00]} 7. Ne5 {[%clk 0:03:01]}  e6 {[%clk 0:03:00]} 8. Nxc6 {[%clk 0:03:00]}  bxc6 {[%clk 0:03:01]} 9. Qf3 {[%clk 0:03:01]}  Bd6 {[%clk 0:03:00]} 10. O-O-O {[%clk 0:03:01]}  Qc7 {[%clk 0:02:54]} 11. Bxd6 {[%clk 0:02:53]}  Qxd6 {[%clk 0:02:55]} 12. g4 {[%clk 0:02:53]}  O-O {[%clk 0:02:47]} 13. g5 {[%clk 0:02:53]}  Nd7 {[%clk 0:02:47]} 14. h4 {[%clk 0:02:53]}  e5 {[%clk 0:02:46]} 15. Qg3 {[%clk 0:02:44]}  Rb8 {[%clk 0:02:36]} 16. a3 {[%clk 0:02:38]}  Re8 {[%clk 0:02:00]} 17. h5 {[%clk 0:02:20]}  Qf8 {[%clk 0:01:37]} 18. f4 {[%clk 0:01:33]}  exd4 {[%clk 0:01:26]} 19. Rxd4 {[%clk 0:01:34]}  Qc5 {[%clk 0:01:24]} 20. Qf2 {[%clk 0:00:39]}  Nf8 {[%clk 0:01:16]} 21. Na4 {[%clk 0:00:26]}  Qa7 {[%clk 0:01:10]} 22. f5 {[%clk 0:00:01]}  Bxf5 {[%clk 0:01:00]} 23. Qd2 {[%clk 0:00:01]}  Ne6 {[%clk 0:00:55]} 24. Rdh4 {[%clk 0:00:01]}  Nc5 {[%clk 0:00:50]} 25. h6 {[%clk 0:00:01]}  Nxa4 {[%clk 0:00:34]} 26. Rxa4 {[%clk 0:00:01]}  Qe7 {[%clk 0:00:15]} 27. Bxa6 {[%clk 0:00:00]}  Ra8 {[%clk 0:00:12]} 0-1

[Event "April 9 Early 2024"]
[Site "Chess.com"]
[Date "2024.04.09"]
[Round "5"]
[White "Nazar Firman"]
[Black "Williams, Simon K"]
[Result "0-1"]
[Board "122"]
[WhiteFideId "14104490"]
[BlackFideId "404454"]
[WhiteTitle "GM"]
[BlackTitle "GM"]
[WhiteElo "2510"]
[BlackElo "2640"]
[WhiteTeam "UKR"]
[BlackTeam "ENG"]
[WhiteClock "0:00:00"]
[BlackClock "0:00:11"]
[Variant "Standard"]

1. e4 {[%clk 0:02:56]}  c5 {[%clk 0:02:59]} 2. Nf3 {[%clk 0:02:56]}  d6 {[%clk 0:02:58]} 3. c3 {[%clk 0:02:56]}  Nf6 {[%clk 0:02:58]} 4. Be2 {[%clk 0:02:56]}  Bd7 {[%clk 0:02:57]} 5. Qc2 {[%clk 0:02:55]}  Bc6 {[%clk 0:02:57]} 6. d3 {[%clk 0:02:54]}  Nbd7 {[%clk 0:02:57]} 7. O-O {[%clk 0:02:41]}  g6 {[%clk 0:02:53]} 8. Re1 {[%clk 0:02:41]}  Bg7 {[%clk 0:02:53]} 9. Nbd2 {[%clk 0:02:40]}  Rc8 {[%clk 0:02:51]} 10. d4 {[%clk 0:02:33]}  cxd4 {[%clk 0:02:51]} 11. Nxd4 {[%clk 0:02:33]}  O-O {[%clk 0:02:50]} 12. Nxc6 {[%clk 0:02:29]}  bxc6 {[%clk 0:02:46]} 13. Nb3 {[%clk 0:02:28]}  a5 {[%clk 0:02:45]} 14. a4 {[%clk 0:02:28]}  Rb8 {[%clk 0:02:36]} 15. Be3 {[%clk 0:02:25]}  Nxe4 {[%clk 0:02:30]} 16. Nd4 {[%clk 0:02:20]}  d5 {[%clk 0:01:57]} 17. Nxc6 {[%clk 0:02:19]}  Qc7 {[%clk 0:01:57]} 18. Nxb8 {[%clk 0:02:19]}  Rxb8 {[%clk 0:01:55]} 19. Bf3 {[%clk 0:02:12]}  f5 {[%clk 0:01:50]} 20. Rad1 {[%clk 0:02:08]}  e6 {[%clk 0:01:48]} 21. Bxe4 {[%clk 0:01:56]}  fxe4 {[%clk 0:01:47]} 22. Qd2 {[%clk 0:01:10]}  Ne5 {[%clk 0:01:45]} 23. Bf4 {[%clk 0:01:03]}  Rf8 {[%clk 0:01:24]} 24. Bxe5 {[%clk 0:00:56]}  Bxe5 {[%clk 0:01:23]} 25. g3 {[%clk 0:00:54]}  Qb6 {[%clk 0:01:15]} 26. Re2 {[%clk 0:00:43]}  Bd6 {[%clk 0:01:08]} 27. Rde1 {[%clk 0:00:38]}  Bc5 {[%clk 0:01:07]} 28. Kg2 {[%clk 0:00:39]}  Rf3 {[%clk 0:01:02]} 29. Rf1 {[%clk 0:00:27]}  Kg7 {[%clk 0:00:54]} 30. c4 {[%clk 0:00:24]}  Qb3 {[%clk 0:00:44]} 31. cxd5 {[%clk 0:00:20]}  exd5 {[%clk 0:00:44]} 32. Qg5 {[%clk 0:00:18]}  Rf8 {[%clk 0:00:28]} 33. Qe5+ {[%clk 0:00:17]}  Kg8 {[%clk 0:00:27]} 34. Rd2 {[%clk 0:00:13]}  Rf5 {[%clk 0:00:24]} 35. Qe6+ {[%clk 0:00:12]}  Kg7 {[%clk 0:00:22]} 36. Rc1 {[%clk 0:00:12]}  Qf3+ {[%clk 0:00:21]} 37. Kf1 {[%clk 0:00:07]}  Bxf2 {[%clk 0:00:19]} 38. Qe7+ {[%clk 0:00:02]}  Kh6 {[%clk 0:00:19]} 39. Qh4+ {[%clk 0:00:02]}  Rh5 {[%clk 0:00:18]} 40. Qf4+ {[%clk 0:00:02]}  Qxf4 {[%clk 0:00:18]} 41. gxf4 {[%clk 0:00:02]}  Be3 {[%clk 0:00:19]} 42. Rcd1 {[%clk 0:00:01]}  Bxd2 {[%clk 0:00:18]} 43. Rxd2 {[%clk 0:00:02]}  Rf5 {[%clk 0:00:17]} 44. Ke2 {[%clk 0:00:02]}  Kh5 {[%clk 0:00:16]} 45. Ke3 {[%clk 0:00:02]}  Kg4 {[%clk 0:00:16]} 46. Rf2 {[%clk 0:00:01]}  Kh3 {[%clk 0:00:12]} 47. b4 {[%clk 0:00:01]}  axb4 {[%clk 0:00:12]} 48. a5 {[%clk 0:00:02]}  b3 {[%clk 0:00:12]} 49. a6 {[%clk 0:00:02]}  Rf6 {[%clk 0:00:12]} 50. Rb2 {[%clk 0:00:01]}  Rxa6 {[%clk 0:00:12]} 51. Rxb3 {[%clk 0:00:02]}  Kg4 {[%clk 0:00:12]} 52. Kd4 {[%clk 0:00:02]}  Ra5 {[%clk 0:00:10]} 53. Ke3 {[%clk 0:00:02]}  Kf5 {[%clk 0:00:10]} 54. Rb8 {[%clk 0:00:01]}  Ra3+ {[%clk 0:00:09]} 55. Kd4 {[%clk 0:00:01]}  Rd3+ {[%clk 0:00:09]} 56. Kc5 {[%clk 0:00:02]}  Kxf4 {[%clk 0:00:10]} 57. Rf8+ {[%clk 0:00:02]}  Ke3 {[%clk 0:00:10]} 58. Rf7 {[%clk 0:00:03]}  h5 {[%clk 0:00:10]} 59. Rh7 {[%clk 0:00:03]}  Kd2 {[%clk 0:00:10]} 60. Rh6 {[%clk 0:00:04]}  e3 {[%clk 0:00:10]} 61. Rxg6 {[%clk 0:00:05]}  e2 {[%clk 0:00:11]} 62. Rg2 {[%clk 0:00:00]}  Kd1 {[%clk 0:00:11]} 0-1